Federalismo y estado de las autonomías / Lluís Armet ... [et al.] ; traducido del catalán por Carolina Rosés
Descripción Física:
XI, 202 p. ; 21 cm
Colección:
Documento
MARC
| LEADER | 00000nam a2200000Ia 4500 | ||
|---|---|---|---|
| 001 | 9597 | ||
| 008 | 160829s1988 xx 000 0 cat d | ||
| 080 | |a M-2-257 | ||
| 245 | |a Federalismo y estado de las autonomías / Lluís Armet ... [et al.] ; traducido del catalán por Carolina Rosés | ||
| 260 | |a Barcelona : |b Planeta, |c 1988 | ||
| 300 | |a XI, 202 p. ; |c 21 cm | ||
| 490 | |a Documento | ||
| 650 | |a Federalisme |9 33466 | ||
| 650 | |a Comunitats autònomes |9 36800 | ||
| 700 | |a Armet, Lluís |9 1557 | ||
| 700 | |a Rosés Delclós, Carolina, tr. |9 33468 | ||
| 901 | |a Arxiu | ||
| 942 | |n 1 | ||
| 952 | |0 0 |1 0 |4 0 |6 M2257 |7 1 |9 46303 |a Arxiu |b Arxiu |d 2016-12-01 |l 0 |o M-2-257 |p 9597 |r 2016-12-01 00:00:00 |w 2016-12-01 |y ARXIU | ||
| 999 | |c 49810 |d 49810 | ||